[Event "ROM-ch U12"]
[Site "Calimanesti"]
[Date "2015.04.05"]
[Round "8"]
[White "Vasilescu, Rares Cristian"]
[Black "Ghitoiu Stelzner, Mario Patrick"]
[Result "1-0"]
[WhiteElo "1148"]
[BlackElo "1325"]
[PlyCount "67"]
[EventDate "2015.03.30"]
[EventType "swiss"]
[EventRounds "9"]
[EventCountry "ROU"]
[SourceTitle "CBM 165 Extra"]
[Source "ChessBase"]
[SourceDate "2015.04.21"]
[SourceVersion "1"]
[SourceVersionDate "2015.04.21"]
[SourceQuality "1"]

1. d4 f5 2. g3 e6 3. Bg2 Nf6 4. Nh3 d5 5. 0-0 c6 6. Bf4 Bd6 7. Nd2 0-0 8. e3 Ne4 9. f3 Nxd2 10. Qxd2 Bc7 11. Bxc7 Qxc7 12. Nf4 Nd7 13. Nxe6 Qd6 14. Nxf8 Qxf8 15. b3 b6 16. c4 Ba6 17. Rac1 Re8 18. Rfe1 Nf6 19. cxd5 cxd5 20. Rc3 Rc8 21. Rec1 Rxc3 22. Qxc3 h6 23. Bf1 Bxf1 24. Kxf1 Qe7 25. Kf2 Kh7 26. Qc7 Qa3 27. Qc2 Qe7 28. Qxf5+ g6 29. Qe5 Qxe5 30. dxe5 Ne8 31. Rc8 Ng7 32. Rc7 Kg8 33. Rxa7 Kf8 34. Rb7 1-0

[Event "ROM-ch U12"]
[Site "Calimanesti"]
[Date "2015.04.04"]
[Round "7"]
[White "Ghitoiu Stelzner, Mario Patrick"]
[Black "Tudose, Matei Ovidiu"]
[Result "0-1"]
[WhiteElo "1325"]
[BlackElo "1618"]
[PlyCount "78"]
[EventDate "2015.03.30"]
[EventType "swiss"]
[EventRounds "9"]
[EventCountry "ROU"]
[SourceTitle "CBM 165 Extra"]
[Source "ChessBase"]
[SourceDate "2015.04.21"]
[SourceVersion "1"]
[SourceVersionDate "2015.04.21"]
[SourceQuality "1"]

1. e4 c5 2. Nf3 d6 3. d4 cxd4 4. Nxd4 Nf6 5. Nc3 g6 6. Bc4 Bg7 7. f3 0-0 8. Be3 Nc6 9. Qd2 Bd7 10. 0-0-0 Rc8 11. Bb3 Ne5 12. h4 h5 13. Bg5 Nc4 14. Bxc4 Rxc4 15. Nde2 Qa5 16. Kb1 Rfc8 17. Rhg1 Be6 18. Nf4 Qb4 19. Nxe6 fxe6 20. Ne2 Qb6 21. Be3 Nxe4 22. Bxb6 Nxd2+ 23. Rxd2 axb6 24. g3 e5 25. Rgd1 Bh6 26. Rd3 Rxc2 27. Nc3 Rg2 28. Nd5 Re8 29. Nc7 Rf8 30. Nd5 Rf7 31. f4 exf4 32. gxf4 Bxf4 33. Nxb6 Be5 34. Nc4 Rff2 35. Nxe5 Rxb2+ 36. Ka1 Rxa2+ 37. Kb1 dxe5 38. Rd7 Rab2+ 39. Ka1 Kf7 0-1

[Event "ROM-ch U12"]
[Site "Calimanesti"]
[Date "2015.04.02"]
[Round "5"]
[White "Ghitoiu Stelzner, Mario Patrick"]
[Black "Bardas, Andrei"]
[Result "0-1"]
[WhiteElo "1325"]
[BlackElo "1685"]
[PlyCount "36"]
[EventDate "2015.03.30"]
[EventType "swiss"]
[EventRounds "9"]
[EventCountry "ROU"]
[SourceTitle "CBM 165 Extra"]
[Source "ChessBase"]
[SourceDate "2015.04.21"]
[SourceVersion "1"]
[SourceVersionDate "2015.04.21"]
[SourceQuality "1"]

1. e4 c5 2. Nf3 Nc6 3. d4 cxd4 4. Nxd4 g6 5. Nc3 Bg7 6. Be3 Nf6 7. Bc4 0-0 8. Qd2 Ng4 9. 0-0-0 Nxe3 10. fxe3 d6 11. Kb1 Bd7 12. h4 Rc8 13. h5 Nxd4 14. exd4 Rxc4 15. hxg6 fxg6 16. Rh2 Rxd4 17. Qf2 Rxd1+ 18. Nxd1 Rxf2 0-1

[Event "ROM-ch U12"]
[Site "Calimanesti"]
[Date "2015.03.30"]
[Round "1"]
[White "Padurariu, Mihai Edward"]
[Black "Ghitoiu Stelzner, Mario Patrick"]
[Result "1-0"]
[WhiteElo "1709"]
[BlackElo "1325"]
[PlyCount "59"]
[EventDate "2015.03.30"]
[EventType "swiss"]
[EventRounds "9"]
[EventCountry "ROU"]
[SourceTitle "CBM 165 Extra"]
[Source "ChessBase"]
[SourceDate "2015.04.21"]
[SourceVersion "1"]
[SourceVersionDate "2015.04.21"]
[SourceQuality "1"]

1. d4 f5 2. Nf3 e6 3. Bg5 Nf6 4. e3 d5 5. Bd3 c6 6. 0-0 Bd6 7. Ne5 0-0 8. Nd2 h6 9. Bxf6 Rxf6 10. f4 Nd7 11. Ndf3 Bxe5 12. Nxe5 Nxe5 13. fxe5 Rg6 14. Qe2 Qh4 15. Rf4 Qg5 16. Kh1 h5 17. c4 Bd7 18. g3 Kf7 19. cxd5 cxd5 20. Rc1 Bc6 21. Qf1 Rh8 22. Bxf5 Rgh6 23. Bd3+ Ke8 24. Bb5 h4 25. g4 Qg6 26. Bxc6+ bxc6 27. Qa6 h3 28. Qxc6+ Ke7 29. Qb7+ Ke8 30. Rc8# 1-0

[Event "ROM-ch U12"]
[Site "Calimanesti"]
[Date "2014.04.12"]
[Round "8"]
[White "Angheluta, Filip"]
[Black "Ghitoiu Stelzner, Mario Patrick"]
[Result "1-0"]
[WhiteElo "1519"]
[BlackElo "1068"]
[PlyCount "39"]
[EventDate "2014.04.06"]
[EventType "swiss"]
[EventRounds "9"]
[EventCountry "ROU"]
[SourceTitle "CBM 160 Extra"]
[Source "ChessBase"]
[SourceDate "2014.07.01"]
[SourceVersion "1"]
[SourceVersionDate "2014.07.01"]
[SourceQuality "1"]

1. e4 e5 2. Nf3 Nc6 3. d4 exd4 4. Nxd4 Nf6 5. Nxc6 bxc6 6. Bd3 Bc5 7. Nc3 d6 8. Bg5 Be6 9. 0-0 0-0 10. Qf3 Bd4 11. h3 d5 12. exd5 Bxd5 13. Qf4 Bxc3 14. bxc3 Rc8 15. Rad1 h6 16. Bxh6 gxh6 17. Qxh6 Qd6 18. Qg5+ Kh8 19. c4 Be6 20. Qh6+ 1-0

[Event "ROM-ch U12"]
[Site "Calimanesti"]
[Date "2014.04.11"]
[Round "7"]
[White "Tugurlan, Ionut Cristian"]
[Black "Ghitoiu Stelzner, Mario Patrick"]
[Result "1/2-1/2"]
[WhiteElo "1538"]
[BlackElo "1068"]
[PlyCount "109"]
[EventDate "2014.04.06"]
[EventType "swiss"]
[EventRounds "9"]
[EventCountry "ROU"]
[SourceTitle "CBM 160 Extra"]
[Source "ChessBase"]
[SourceDate "2014.07.01"]
[SourceVersion "1"]
[SourceVersionDate "2014.07.01"]
[SourceQuality "1"]

1. d4 d5 2. c4 e6 3. Nc3 Nf6 4. cxd5 exd5 5. Bg5 Be7 6. e3 0-0 7. Nf3 Nbd7 8. Bd3 b6 9. a3 Bb7 10. b4 c5 11. bxc5 bxc5 12. dxc5 Bxc5 13. 0-0 h6 14. Bh4 Qa5 15. Nb5 Bc6 16. Nbd4 Bxd4 17. Nxd4 Ba4 18. Qe2 Rab8 19. Bf5 Rfd8 20. Bxd7 Bxd7 21. Rfc1 Bb5 22. Nxb5 Qxb5 23. Qxb5 Rxb5 24. Rab1 Rdb8 25. Rxb5 Rxb5 26. Bxf6 gxf6 27. Kf1 Ra5 28. Rc3 Kf8 29. Ke2 Ke7 30. Kf3 f5 31. Kf4 Kf6 32. f3 h5 33. e4 dxe4 34. fxe4 fxe4 35. Kxe4 h4 36. Kf4 Ra4+ 37. Kf3 Kg5 38. Rb3 f5 39. Ke3 Re4+ 40. Kf3 Ra4 41. g3 hxg3 42. hxg3 Kg6 43. Ke2 Kf6 44. Kd2 Ke6 45. Kc2 Rg4 46. Kd3 Rxg3+ 47. Kc4 Rxb3 48. Kxb3 Ke5 49. Kc3 Ke4 50. Kd2 f4 51. Ke2 f3+ 52. Kf2 Kf4 53. a4 Ke4 54. Kf1 Kd4 55. Kf2 1/2-1/2

[Event "ROM-ch U12"]
[Site "Calimanesti"]
[Date "2014.04.09"]
[Round "4"]
[White "Preda, Andrei Ciprian"]
[Black "Ghitoiu Stelzner, Mario Patrick"]
[Result "0-1"]
[WhiteElo "1001"]
[BlackElo "1068"]
[PlyCount "98"]
[EventDate "2014.04.06"]
[EventType "swiss"]
[EventRounds "9"]
[EventCountry "ROU"]
[SourceTitle "CBM 160 Extra"]
[Source "ChessBase"]
[SourceDate "2014.07.01"]
[SourceVersion "1"]
[SourceVersionDate "2014.07.01"]
[SourceQuality "1"]

1. e4 c5 2. Nc3 d6 3. d4 cxd4 4. Qxd4 Nc6 5. Qd1 g6 6. e5 dxe5 7. Qxd8+ Nxd8 8. b3 Bf5 9. Bd3 Bxd3 10. cxd3 Nc6 11. Bb2 Bg7 12. 0-0-0 Nf6 13. Nge2 0-0 14. Rhe1 Ng4 15. Rd2 Bh6 16. f4 exf4 17. h3 f3 18. gxf3 Bxd2+ 19. Kxd2 Nf6 20. Ne4 Nxe4+ 21. fxe4 Rfd8 22. Bc3 a5 23. a4 Rab8 24. d4 b5 25. axb5 Rxb5 26. d5 Nb4 27. Bxb4 Rxb4 28. Nc1 e6 29. Kc3 exd5 30. exd5 Rxd5 31. Nd3 Rh4 32. Re8+ Kg7 33. Nf2 Rf5 34. Re4 Rxe4 35. Nxe4 Rf3+ 36. Kc4 Rxh3 37. b4 axb4 38. Kxb4 Rh4 39. Kc4 Rxe4+ 40. Kd5 f5 41. Kd6 f4 42. Kd5 Re3 43. Kd4 Re1 44. Kd3 f3 45. Kd2 f2 46. Kc2 f1Q 47. Kb2 Rc1 48. Ka2 Qb5 49. Ka3 Ra1# 0-1